00373nam a2200133Ia 4500008004100000041000800041082001500049100002100064245004500085250001400130260005400144300003000198365001100228240624s9999 xx 000 0 und d aeng a650.14 YAT aYATE MARTIN JOHN aGREAT ANSWERS TO TOUGH INTERVIEW QUESTIO a(6th ed.) c2008aNew DelhibKogan Page India Private limited avi, : 233 : p. : cm. ; 23 cRSb33